Cartas filológicas II

Tallennettuna:
Bibliografiset tiedot
Päätekijä: Cascales, Francisco
Aineistotyyppi: Kirja
Kieli:Undetermined
Julkaistu: Madrid, España Espasa - Calpe 1969
Aiheet:
Tagit: Lisää tagi
Ei tageja, Lisää ensimmäinen tagi!

MARC

LEADER 00000nam a2200000Ia 4500
008 170316s9999 xx 000 0 und d
040 |a cru BVZT 
090 |a 862 C-23c v.2 
100 |a Cascales, Francisco 
245 |a Cartas filológicas II 
260 |a Madrid, España  |b Espasa - Calpe  |c 1969 
300 |a 320 páginas 
650 |a LITERATURA ESPAÑOLA 
999 |c 9631  |d 9631 
942 |c 15 D  |h 862 C-23c v.2  |2 z